000 01212nam a2200349 i 4500
001 000037371
003 DO-SdBNP
005 20251017094538.0
007 ta
008 120328s1981 dr 000 0 spa d
020 _z84000052
040 _aDO-SdBNP
_bspa
_cBNPHU
_erda
041 _aspa
082 4 _a972.9305
_bW449v 1981
_222
100 1 _aWelles, Sumner,
_eautor
_4aut.
_963835
240 1 0 _aNaboths Vineyard: the Dominican Republic 1844-1924
_lespañol
245 1 3 _aLa viña de Naboth /
_cSumner Welles.
250 _aCuarta edición
264 1 _aSanto Domingo :
_bEdiciones de Taller,
_c1981.
300 _avolumenes ;
_c22 cm.
336 _atexto
_btxt
_2rdacontent
337 _asin mediación
_bn
_2rdamedia
338 _avolumen
_bnc
_2rdacarrier
490 0 _aBiblioteca Taller
_v10
500 _aTraducido del inglés.
590 _aInventariado, 2025/BT
651 4 _aRepública Dominicana --
_xHistoria --
_yOcupación norteamericana, 1916-1924
_91926
651 4 _aRepública Dominicana
_xRelaciones exteriores
_zEstados Unidos
_96308
651 4 _aEstados Unidos
_xRelaciones exteriores
_zRepública Dominicana
_96309
910 _aValidado. Control de calidad MFF
942 _2ddc
_cLBS1
999 _c36861
_d36861